By hook or by crook /

Salvato in:
Dettagli Bibliografici
Altri autori: Dodge, Harry, Howard, Silas, Kahn, Stanya, Rossetti, Ann T., Gia, Carina
Natura: Videodisco
Lingua:inglese
Pubblicazione: [Stati Uniti] : Wolfe Video, c2001
Tags: Aggiungi Tag
Nessun Tag, puoi essere il primo ad aggiungerne!!

MARC

LEADER 00000ngm a22000007i 4500
001 IT\ICCU\UBO\3058693
003 ItRI
005 20260124182808.0
008 070924s2001 xxu|||||||||||||||k|||||c
020 |a 1932134093 
028 4 2 |a WOL3795D 
040 |b ita 
041 7 |a eng  |2 ISO-639-2 
130 0 |a By hook or by crook <film ; 2001>  |3 IT\ICCU\UBO\3286701 
130 0 |a By hook or by crook <risorsa elettronica>  |3 IT\ICCU\UBO\3286704 
245 0 0 |a By hook or by crook /  |c written and directed by Harry Dodge and Silas Howard ; director of photography Ann T. Rossetti. 
260 |a [Stati Uniti] :  |b Wolfe Video,  |c c2001 
300 |a 1 DVD (ca. 95 min.) :  |b sonoro, color 
500 |a Codice area: 1; sistema e formato video: NTSC, letterbox 
500 |a Tit. del contenitore 
500 |a Film del 2001, prod. USA; interpreti: Silas Howard, Harry Dodge, Stanya Kahn, Carina Gia 
500 |a Lingue: inglese 
500 |a Contenuti extra: letterbox, chapter stops, commentary, theatrical trailer, interviews including Sundance Channel, outtakes, deleted scenes, crew shots, wrap party, more from Wolfe video. 
700 1 |a Dodge, Harry  |0 IT\ICCU\UBOV\188768 
700 1 |a Howard, Silas  |0 IT\ICCU\UBOV\188769 
700 1 |a Kahn, Stanya  |0 IT\ICCU\UBOV\188770 
700 1 |a Rossetti, Ann T.  |0 IT\ICCU\UBOV\188771 
700 1 |a Gia, Carina  |0 IT\ICCU\UBOV\188772 
942 |2 ddc  |c VM  |n 0 
952 |0 0  |1 0  |4 0  |6 VO_1346_000000000000000  |7 0  |9 26410  |a BO  |b BO  |d 2026-01-24  |i 10578  |l 0  |o VO 1346  |p BO10578  |r 2026-01-24 18:28:08  |w 2026-01-24  |x [Sebina 5] [1 DVD]  |y VM  |z 1 DVD 
999 |c 22322  |d 22322